000 00555nam a22001937a 4500
003 Ost
005 20260225075657.0
008 260225b |||||||| |||| 00| 0 eng d
020 _a0742542092
040 _cBT-PhCST
050 _a25616
082 _222
_a333.91
_bFRA
100 _a France, R. L.
245 _aIntroduction to watershed development :
_bunderstanding and managing the impacts of sprawl /
260 _aUK :
_bRowman and Littlefield,
_cc2006.
300 _axv, 221 p. ;
_bill. ;
_c23 cm
500 _aIncludes index.
942 _2ddc
_cWRE
999 _c10136
_d10136